El mundo de Sofía : (Registro nro. 9277)

Detalles MARC
000 -LIDER
fixed length control field 00862nam a22002657a 4500
001 - NÚMERO DE CONTROL
Identificador de número de control 00101
003 - IDENTIFICACDOR DE NÚMERO DE CONTROL
control field DO-SdBNP
005 - DATE AND TIME OF LATEST TRANSACTION
control field 20241017134948.0
007 - CAMPOS FIJOS DE DESCRIPCIÓN FÍSICA
fixed length control field 00101
008 - ELEMENTOS DE LONGITUD FIJA
fixed length control field 160321t 2010 sp o 000 f spa d
020 ## - ISBN
International Standard Book Number 9788478443222
040 ## - FUENTE DE CATALOGACIÓN
Agencia que crea de manera original el registro BPMSU
Idioma de catalogación spa
Agencia que realiza la transcripción BPMSU
082 #4 - NÚMERO DE CLASIFICACIÓN DECIMAL DE DEWEY
Classification number 839.8236
Item number G111m 1994
Edition number 22
100 10 - ASIENTO PRINCIPAL -- NOMBRE PERSONAL
Nombre personal Gaarder, Jostein,
Fechas asociadas con el nombre 1952-
245 13 - MENCIÓN DE TITULO
Título El mundo de Sofía :
Subtítulo novela sobre la historia de la filosofía /
Mención de responsabilidad Jostein Gaarder ; traducción Kirsti Baggethun, Asunción Lorenzo
260 ## - PUBLICACIÓN, DISTRIBUCIÓN, ETC. (PIE DE IMPRENTA)
Lugar de publicación, distribución, etc Madrid :
Nombre del editor, distribuidor, etc. Siruela ,
Fecha de publicación, distribución, etc 1994.
300 ## - DESCRIPCIÓN FÍSICA
Extensión 638 p. ;
Dimensiones 22 cm.
590 ## - NOTA LOCAL
Texto de la nota local Inventariado, 2024/VM
650 #4 - ENCABEZAMIENTO DE MATERIA--TEMÁTICO
Término temático o nombre geográfico como elemento de entrada Novela noruega
650 #4 - ENCABEZAMIENTO DE MATERIA--TEMÁTICO
Término temático o nombre geográfico como elemento de entrada Filosofía
Subdivisión temática general Historia
Subdivisión de forma novela noruega
Subdivisión cronológica
700 1# - ASIENTO SECUNDARIO -- NOMBRE PERSONAL
Nombre personal Baggethun, Kirsti,
Mención de responsabilidad traductor
700 1# - ASIENTO SECUNDARIO -- NOMBRE PERSONAL
Nombre personal Lorenzo, Asunción,
Mención de responsabilidad traductor
910 ## - VALIDACIÓN
Validación VMateo V. Control de calidad. BPMSU
942 ## - ADDED ENTRY ELEMENTS (KOHA)
Source of classification or shelving scheme Dewey Decimal Classification
Koha item type Libros
Existencias
Withdrawn status Lost status Source of classification or shelving scheme Damaged status Not for loan Collection code Home library Current library Date acquired Source of acquisition Total Checkouts Full call number Barcode Date last seen Price effective from Koha item type
    Dewey Decimal Classification     Colección General Biblioteca Pública Metropolitana Salomé Ureña Biblioteca Pública Metropolitana Salomé Ureña 03/16/2016 Donación   BPMSU CG 839.8236 G111m 1994 BPMSU16030153 03/16/2016 03/16/2016 Libros